000 00735nam a2200289Ia 4500
005 20260401125859.0
008 008 300114s9999 xx 000 0 eng d
020 _a9780133944211
037 _aEBOOK
040 _aCRL
040 _beng
040 _cCRL
041 _2eng
041 _aeng
084 _qCRL
100 _aAlan V Oppenheim | George C. Verghese
_91233942
245 0 _aSignals, Systems and Inference, Global Edition
250 _a1
260 _bPearson
260 _c2022
365 _b55440
650 _aFOT (Electrical & electronics)
856 _uhttps://admin.elibrary.in.pearson.com/api/1.0/org/24122025/launchlibrary
942 _cEBOOK
999 _c1847808
_d1847808